Juzgamiento en ausencia (Registro nro. 33675)
[ vista simple ]
| 000 -LEADER | |
|---|---|
| fixed length control field | 00345 a2200121 4500 |
| 001 - CONTROL NUMBER | |
| control field | ART_48742 |
| 005 - DATE AND TIME OF LATEST TRANSACTION | |
| control field | 20260410162027.0 |
| 008 - FIXED-LENGTH DATA ELEMENTS--GENERAL INFORMATION | |
| fixed length control field | 260409a |
| 100 1# - MAIN ENTRY--PERSONAL NAME | |
| Personal name | Fiumara, Franco M. |
| 245 10 - TITLE STATEMENT | |
| Title | Juzgamiento en ausencia |
| 700 1# - ADDED ENTRY--PERSONAL NAME | |
| Personal name | Grappasonno, Nicolás |
| 773 0# - HOST ITEM ENTRY | |
| Title | Temas de derecho procesal |
| Related parts | - N° 4 (abr. 2019) |
| Record control number | REV44095 |
No hay ítems disponibles.